00672 2200217 4500001002100000005001500021035002000036007000300056008004100059020002200100082001000122084001600132100001900148245014100167250001100308260003700319300003300356650002500389504003100414990000900445INLIS00000000000149720180208023034 a0010-0218000092ta180208 g 0 ind  a978-602-8674-58-4 a001.4 a001.4 MOC b0 aMOCH, Imron TA1 aBahan Ajar Mahasiswa Statistik Kesehatan :bDilengkapi dengan indikator kesehatan vital statistik tabel kematian klinis /cMoch Imron TA acet. 1 aJakarta :bCV Sagung Seto,c2011 axvi; 244 hlm ;c15,5 x 24 cm aSTATISTIKA KESEHATAN aBibliografi; hlm 231 - 232 a3566